Capital Structures plc v Time and Tide Construction Ltd (Record no. 77194)
[ view plain ]
| 000 -LEADER | |
|---|---|
| fixed length control field | 01752cab a2200181 4500 |
| 001 - CONTROL NUMBER | |
| control field | ##L133764 |
| 008 - FIXED-LENGTH DATA ELEMENTS--GENERAL INFORMATION | |
| fixed length control field | 060608n2006 000 0 eng u |
| 035 ## - SYSTEM CONTROL NUMBER | |
| System control number | (Sirsi) u133764 |
| 041 0# - LANGUAGE CODE | |
| Language code of text/sound track or separate title | eng |
| 245 00 - TITLE STATEMENT | |
| Title | Capital Structures plc v Time and Tide Construction Ltd |
| 260 ## - PUBLICATION, DISTRIBUTION, ETC. | |
| Date of publication, distribution, etc. | 2006 |
| 520 ## - SUMMARY, ETC. | |
| Summary, etc. | [2006] EWHC 591 (TCC) 8 March 2006. C were engaged as subcontractors by T. Following a number of disputes between the parties, which culminated in C withdrawing its labour from site, the employer, K, threatened to take over the development from T, which was potentially disastrous for T. C and T eventually signed a settlement agreement, by which T agreed to pay C £20 000 plus VAT when C had finished work on site. C referred the matter to arbitration when T refused to pay this sum; T argued that the adjudicator did not have jurisdiction because it had entered into the settlement under economic duress. The adjudicator rejected this argument, and made an award in favour of C, who then applied for enforcement of his decision. "Held" from the evidence, there was an arguable, although rather shadowy, case that there had been economic duress. If this was established, then the adjudicator did not have jurisdiction. T was given leave to defend, provided it paid into court the amount of the adjudicator's award. |
| 650 24 - SUBJECT ADDED ENTRY--TOPICAL TERM | |
| Topical term or geographic name entry element | CAPITAL STRUCTURES PLC V TIME AND TIDE CONSTRUCTION LTD |
| 651 #4 - SUBJECT ADDED ENTRY--GEOGRAPHIC NAME | |
| Geographic name | England and Wales |
| Chronological subdivision | 1543- |
| 690 ## - LOCAL SUBJECT ADDED ENTRY--TOPICAL TERM (OCLC, RLIN) | |
| Topical term or geographic name as entry element | MANAGEMENT-DISPUTE AVOIDANCE, MANAGEMENT AND RESOLUTION-DISPUTE MANAGEMENT AND RESOLUTION-ALTERNATIVE DISPUTE RESOLUTION-ADJUDICATION-ADJUDICATORS-ADJUDICATORS' JURISDICTION |
| 856 41 - ELECTRONIC LOCATION AND ACCESS | |
| Uniform Resource Identifier | <a href="https://www.bailii.org/ew/cases/EWHC/TCC/2006/591.html">https://www.bailii.org/ew/cases/EWHC/TCC/2006/591.html</a> |
| Public note | View the item free of charge at www.bailii.org... |
| 942 ## - ADDED ENTRY ELEMENTS (KOHA) | |
| Suppress in OPAC | 0 |
| Withdrawn status | Lost status | Source of classification or shelving scheme | Damaged status | Not for loan | Home library | Current library | Shelving location | Date acquired | Total Checkouts | Full call number | Barcode | Date last seen | Copy number | Price effective from | Koha item type |
|---|---|---|---|---|---|---|---|---|---|---|---|---|---|---|---|
| Dewey Decimal Classification | Virtual | Virtual | Online | 08/06/2006 | ONLINE PUBLICATION | 133764-1001 | 06/08/2019 | 1 | 06/08/2019 | Law report |